| 000 | 00661 a2200217 4500 | ||
|---|---|---|---|
| 005 | 20241202162853.0 | ||
| 010 | _aB-761319 | ||
| 020 |
_a9789358703504 _c530.00 |
||
| 035 | _aB-761319 | ||
| 037 | _bGift/28.11.24 | ||
| 082 | _a510 | ||
| 100 |
_aMalhotra, O.P. _974534 |
||
| 245 |
_aS. Chand's New Mathematics Today 6/ _cO.P. Malhotra, S.K. Gupta and Anubhuti Gangal |
||
| 260 |
_aU.P. _bS. Chand's _c2025 |
||
| 270 | _aU. P. | ||
| 300 |
_a367 p. _c27cm (Pb) |
||
| 700 |
_aGupta , S.K. _974468 |
||
| 700 |
_aGangal, Anubhuti _974469 |
||
| 942 |
_adpl _cCH _2ddc _h510 _mMAL |
||
| 999 |
_c207325 _d207325 |
||